000 00578nam a2200205Ia 4500
003 GCL
008 140319s9999 xx 000 0 ara d
040 _aGCL /
_cGCL
082 0 4 _a416
_bا م
100 1 _aابراهيم انيس
245 1 0 _aموسيقى الشعر /
_cابراهيم انيس
260 _a[S.N] :
_bمكتبة الانجلوالمصرية ،
_c1988
300 _a363 ص
490 _a
650 0 4 _aالشعر العربى
650 0 4 _aالادب العربى
650 0 4 _aتاريخ ونقد
650 0 4 _aالمجموعات
942 _2ddc
_cBK
999 _c33211
_d33211